|
|
|
|
| LEADER |
01377nam a2200349 4500 |
| 001 |
on1121030617 |
| 003 |
OCoLC |
| 005 |
20200326101204.0 |
| 006 |
m o d |
| 007 |
cr cnu---unuuu |
| 008 |
190926s2019 enk o 000 0 eng d |
| 040 |
|
|
|a OPELS
|b eng
|e rda
|e pn
|c OPELS
|d OCLCF
|d GrThAP
|
| 020 |
|
|
|a 9780128177181
|q (print)
|
| 035 |
|
|
|a (OCoLC)1121030617
|
| 050 |
|
4 |
|a RC182.S24
|
| 082 |
0 |
4 |
|a 616.9/63
|2 23
|
| 245 |
0 |
0 |
|a Regional network for Asian schistosomiasis and other helminthic zoonoses /
|c edited by Xiao-Nong Zhou, Lydia Leonardo, Robert Bergquist.
|
| 264 |
|
1 |
|a London, United Kingdom :
|b Academic Press, an imprint of Elsevier,
|c 2019.
|
| 300 |
|
|
|a 1 online resource.
|
| 336 |
|
|
|a text
|b txt
|2 rdacontent
|
| 337 |
|
|
|a computer
|b c
|2 rdamedia
|
| 338 |
|
|
|a online resource
|b cr
|2 rdacarrier
|
| 490 |
1 |
|
|a Advances in parasitology ;
|v volume 105
|
| 588 |
0 |
|
|a Online resource; title from PDF title page (ScienceDirect, viewed September 26, 2019).
|
| 650 |
|
0 |
|a Schistosomiasis.
|
| 650 |
|
7 |
|a Schistosomiasis.
|2 fast
|0 (OCoLC)fst01106719
|
| 655 |
|
4 |
|a Electronic books.
|
| 700 |
1 |
|
|a Zhou, Xiao-nong,
|e editor.
|
| 700 |
1 |
|
|a Bergquist, Robert,
|e editor.
|
| 700 |
1 |
|
|a Leonardo, Lydia,
|e editor.
|
| 830 |
|
0 |
|a Advances in parasitology ;
|v v. 105.
|
| 856 |
4 |
0 |
|3 ScienceDirect
|u https://www.sciencedirect.com/science/bookseries/0065308X/105
|z Full Text via HEAL-Link
|